Statistics for Cities In Each State With The Lowest Population of Over 100,000 People

Click here to take the quiz!

General Stats

  • This quiz has been taken 26 times
  • The average score is 25 of 45

Answer Stats

StateCity2020 RankPopulation% Correct
AlaskaAnchorage72291,247
96%
HawaiiHonolulu55350,964
92%
MontanaBillings247117,116
88%
NebraskaLincoln73291,082
88%
ArkansasLittle Rock115202,591
88%
New HampshireManchester251115,644
84%
Rhode IslandProvidence133190,934
84%
MarylandBaltimore30585,708
80%
North DakotaFargo224125,990
80%
KentuckyLexington57322,570
80%
South DakotaSioux Falls131192,517
80%
MississippiJackson170153,701
76%
UtahProvo256115,162
76%
MinnesotaRochester233121,395
76%
New YorkSyracuse184148,620
76%
WisconsinGreen Bay294107,395
72%
AlabamaMobile138187,041
72%
IndianaSouth Bend310103,453
72%
KansasTopeka220126,587
72%
PennsylvaniaAllentown225125,845
68%
OhioDayton202137,644
64%
LouisianaLafayette234121,374
60%
IllinoisPeoria268113,150
60%
OklahomaBroken Arrow267113,540
56%
IowaDavenport316101,724
52%
TennesseeMurfreesboro173152,769
44%
IdahoNampa325100,200
44%
ColoradoBoulder289108,250
40%
North CarolinaConcord303105,240
40%
VirginiaRoanoke326100,011
40%
NevadaSparks287108,445
40%
MassachusettsNew Bedford321101,079
36%
MissouriLee's Summit320101,108
32%
South CarolinaNorth Charleston257114,852
32%
ArizonaSurprise189143,148
32%
ConnecticutWaterbury261114,403
32%
OregonHillsboro297106,447
28%
New MexicoRio Rancho307104,046
28%
New JerseyWoodbridge309103,639
20%
CaliforniaChico318101,475
16%
MichiganClinton323100,513
16%
FloridaDavie300105,691
16%
TexasEdinburg324100,243
16%
WashingtonFederal Way322101,030
16%
GeorgiaSouth Fulton293107,436
16%

Score Distribution

Percentile by Number Answered

Percent of People with Each Score

Your Score History

You have not taken this quiz